3ds max 6 discreet advanced courseware: Maxscript
This courseware module introduces you to MAXScript, the scripting language built into 3ds max. This module covers the creation of objects with MAXScript, arrays, collections, control structures, the construction of UI elements, creation of parametric objects, and a variety of additional topics
Gorde:
| Egile nagusia: | |
|---|---|
| Formatua: | Liburua |
| Hizkuntza: | Undetermined |
| Argitaratua: |
[S.l.]
Autodesk
2003
|
| Gaiak: | |
| Etiketak: |
Etiketa erantsi
Etiketarik gabe, Izan zaitez lehena erregistro honi etiketa jartzen!
|
| Thư viện lưu trữ: | Trung tâm Học liệu Trường Đại học Cần Thơ |
|---|
| LEADER | 01045nam a2200241Ia 4500 | ||
|---|---|---|---|
| 001 | CTU_139280 | ||
| 008 | 210402s9999 xx 000 0 und d | ||
| 020 | |c 79.95 | ||
| 082 | |a 005.3 | ||
| 082 | |b M187 | ||
| 100 | |a Maffei, Ken | ||
| 245 | 0 | |a 3ds max 6 discreet advanced courseware: | |
| 245 | 0 | |b Maxscript | |
| 245 | 0 | |c Ken Maffei, Michele Bousquet, Swimi Lama | |
| 260 | |a [S.l.] | ||
| 260 | |b Autodesk | ||
| 260 | |c 2003 | ||
| 520 | |a This courseware module introduces you to MAXScript, the scripting language built into 3ds max. This module covers the creation of objects with MAXScript, arrays, collections, control structures, the construction of UI elements, creation of parametric objects, and a variety of additional topics | ||
| 650 | |a Computer software,Programming languages (Electronic computer),Phần mềm máy vi tính | ||
| 650 | |x Ngôn ngữ lập trình | ||
| 904 | |i Phuong Uyen | ||
| 910 | |a Sách kèm 1 CD-ROM số ĐKCB AVA.000938 | ||
| 980 | |a Trung tâm Học liệu Trường Đại học Cần Thơ | ||